Statistiques concernant Classement perpétuel de la Ligue 1

Cliquez ici pour prendre le quiz!

Statistiques générales

  • Ce quiz a été pris 2,018 fois
  • Le résultat moyen est 30 sur 40

Statistiques - réponses

P. Saisons Points Club % Correct
2181 196Paris Saint-Germain
100%
3181 082Olympique de Marseille
99%
1181 226Olympique lyonnais
99%
4181 021LOSC Lille
97%
518991Girondins de Bordeaux
96%
1017744Toulouse FC
95%
916823AS Saint-Étienne
94%
818894OGC Nice
94%
1313565FC Nantes
94%
228287RC Strasbourg
93%
718905Stade rennais
93%
1113617Montpellier HSC
90%
616926AS Monaco
89%
314116Stade brestois
87%
258238FC Metz
84%
169431RC Lens
84%
305155Dijon FCO
81%
266229Stade de Reims
80%
36253Nîmes Olympique
78%
285183Angers SCO
76%
32383Amiens SC
75%
1410547AJ Auxerre
74%
189413AS Nancy
74%
1710422SM Caen
73%
37137GFC Ajaccio
71%
247263AC Ajaccio
71%
198359EA Guingamp
70%
34267Grenoble Foot
69%
1511519FC Lorient
68%
35264Le Havre AC
68%
208354SC Bastia
67%
1212586FC Sochaux
67%
276197ESTAC Troyes
57%
218352Valenciennes FC
57%
236264Le Mans FC
56%
294171Thonon-Évian FC
49%
33271CS Sedan
43%
40120AC Arles
39%
39131US Boulogne
30%
38132Istres FC
27%

Distribution des résultats

Percentile by Number Answered

% des personnes avec chaque résultat

Votre développement - résultats

Vous n’avez pas pris ce quiz